000 00179 a2200097 4500
020 _a9780755328901
041 _aeng
100 _aPenny, louise
245 _aStill life
942 _cBK
999 _c8044
_d8044